University Home | Library Home | Institutional Repository

The origins of love and hate / (Record no. 192690)

MARC details
000 -LEADER
fixed length control field 01017cam4a220028900 4500
001 - CONTROL NUMBER
control field tmp16037500
003 - CONTROL NUMBER IDENTIFIER
control field UPRA
005 - DATE AND TIME OF LATEST TRANSACTION
control field 20190830113049.0
008 - FIXED-LENGTH DATA ELEMENTS--GENERAL INFORMATION
fixed length control field 951128s1963 enk deng u
035 ## - SYSTEM CONTROL NUMBER
System control number (Sirsi) r27904
035 ## - SYSTEM CONTROL NUMBER
System control number (UPRA)tmp16037500
035 ## - SYSTEM CONTROL NUMBER
System control number (UPRA)tmp15206708
040 ## - CATALOGING SOURCE
Transcribing agency UPRA
100 1# - MAIN ENTRY--PERSONAL NAME
Personal name Suttie, Ian Dishart.
Linkage A36982.1
245 14 - TITLE STATEMENT
Title The origins of love and hate /
Statement of responsibility, etc. by Ian D. Suttie ... ; with a preface by J.A. Hadfield.
260 ## - PUBLICATION, DISTRIBUTION, ETC.
Place of publication, distribution, etc. Harmondsworth, Middlesex :
Name of publisher, distributor, etc. Penguin,
Date of publication, distribution, etc. [1963]
600 10 - SUBJECT ADDED ENTRY--PERSONAL NAME
Personal name Freud, Sigmund, 1856-1939.
Dates associated with a name Freud, Sigmund, 1856-1939.
Linkage S11336.1
650 #0 - SUBJECT ADDED ENTRY--TOPICAL TERM
Topical term or geographic name entry element Love.
Linkage S2881.1
650 #0 - SUBJECT ADDED ENTRY--TOPICAL TERM
Topical term or geographic name entry element Hate.
Linkage S29117.1
650 #0 - SUBJECT ADDED ENTRY--TOPICAL TERM
Topical term or geographic name entry element Psychoanalysis.
Linkage S3157.1
949 ## - LOCAL PROCESSING INFORMATION (OCLC)
a BF173
w lcc
i -29575
m MEDICAL
t BOOK
l ON-SHELF
949 ## - LOCAL PROCESSING INFORMATION (OCLC)
a BF173
w lcc
i -29576
m MEDICAL
t BOOK
l ON-SHELF
949 ## - LOCAL PROCESSING INFORMATION (OCLC)
a BF173
w lcc
i -29577
m MEDICAL
t BOOK
l ON-SHELF
949 ## - LOCAL PROCESSING INFORMATION (OCLC)
a BF173
w lcc
i -29578
m MAIN
t BOOK
l ON-SHELF
949 ## - LOCAL PROCESSING INFORMATION (OCLC)
a BF173
w lcc
i 33729005206110
m MAIN
t BOOK
l ON-SHELF

No items available.

© 2026 - The University of Zambia Library - Koha v25.11